[Event "EUYCC 2025 - U14"]
[Site "?"]
[Date "2025.08.25"]
[Round "7.8"]
[White "Hujova, Tess"]
[Black "Jenikova, Sabina"]
[Result "1-0"]
[BlackElo "1491"]
[WhiteElo "1709"]
[LiveChessVersion "1.4.8"]

1. e4 {[%clk 1:30:51]} c5 {[%clk 1:30:51]} 2. Nf3 {[%clk 1:31:15]} Nc6
{[%clk 1:31:02]} 3. d4 {[%clk 1:31:37]} cxd4 {[%clk 1:31:19]} 4. Nxd4
{[%clk 1:31:56]} e5 {[%clk 1:31:22]} 5. Nf3 {[%clk 1:32:12]} Nf6 {[%clk 1:30:41]}
6. Bg5 {[%clk 1:28:22]} Qa5+ {[%clk 1:17:45]} 7. Bd2 {[%clk 1:28:10]} Qb6
{[%clk 1:15:51]} 8. Nc3 {[%clk 1:27:16]} Bc5 {[%clk 1:12:12]} 9. Qe2
{[%clk 1:22:59]} Nb4 {[%clk 0:54:30]} 10. O-O-O {[%clk 1:19:20]} Ng4
{[%clk 0:38:55]} 11. a3 {[%clk 1:13:25]} Na2+ {[%clk 0:33:30]} 12. Nxa2
{[%clk 1:13:25]} Nxf2 {[%clk 0:33:46]} 13. b4 {[%clk 1:10:00]} Nxd1
{[%clk 0:30:59]} 14. bxc5 {[%clk 1:09:55]} Qb2+ {[%clk 0:31:08]} 15. Kxd1
{[%clk 1:10:17]} Qxa2 {[%clk 0:31:32]} 16. Bc1 {[%clk 1:08:39]} Qe6
{[%clk 0:30:42]} 17. Qc4 {[%clk 1:06:19]} Qe7 {[%clk 0:27:50]} 18. Bb2
{[%clk 1:03:09]} f6 {[%clk 0:27:08]} 19. Be2 {[%clk 1:01:07]} a6 {[%clk 0:22:08]}
20. Nh4 {[%clk 0:56:57]} g6 {[%clk 0:22:05]} 21. Rf1 {[%clk 0:56:26]} d6
{[%clk 0:21:31]} 22. cxd6 {[%clk 0:56:03]} Qxd6+ {[%clk 0:21:43]} 23. Kc1
{[%clk 0:56:07]} Be6 {[%clk 0:19:32]} 24. Qa4+ {[%clk 0:56:12]} Bd7
{[%clk 0:19:02]} 25. Qb3 {[%clk 0:55:44]} Bc6 {[%clk 0:17:29]} 26. Bd3
{[%clk 0:51:07]} Rc8 {[%clk 0:16:29]} 27. Nf3 {[%clk 0:49:55]} a5
{[%clk 0:13:00]} 28. g4 {[%clk 0:42:25]} g5 {[%clk 0:12:13]} 29. a4
{[%clk 0:29:29]} Rf8 {[%clk 0:10:59]} 30. Ba3 {[%clk 0:29:31]} Qc7
{[%clk 0:09:55]} 31. Qe6+ {[%clk 0:27:45]} Kd8 {[%clk 0:10:14]} 32. Bxf8
{[%clk 0:26:24]} Bxa4 {[%clk 0:08:57]} 33. Qd6+ {[%clk 0:25:34]} Qd7
{[%clk 0:08:49]} 34. Be7+ {[%clk 0:25:17]} Ke8 {[%clk 0:09:09]} 35. Qxd7+
{[%clk 0:25:15]} Kxd7 {[%clk 0:09:23]} 36. Bxf6 {[%clk 0:25:30]} Rf8
{[%clk 0:08:54]} 37. Bxg5 {[%clk 0:25:20]} Kd6 {[%clk 0:09:00]} 38. Kd2
{[%clk 0:25:09]} Bd7 {[%clk 0:09:18]} 39. Nxe5 {[%clk 0:25:08]} Rxf1
{[%clk 0:09:27]} 40. Nc4+ {[%clk 0:25:33]} 1-0

[Event "EUYCC 2025 - U14"]
[Site "?"]
[Date "2025.08.25"]
[Round "7.9"]
[White "Malureanu, Andrei"]
[Black "Amvrosiadis, Themistoklis"]
[Result "1-0"]
[BlackElo "1625"]
[WhiteElo "1585"]
[LiveChessVersion "1.4.8"]

1. d4 {[%clk 1:30:56]} d5 {[%clk 1:30:56]} 2. Nf3 {[%clk 1:31:21]} Nf6
{[%clk 1:31:22]} 3. c4 {[%clk 1:31:46]} e6 {[%clk 1:30:54]} 4. g3
{[%clk 1:32:02]} Be7 {[%clk 1:30:02]} 5. Bg2 {[%clk 1:32:13]} O-O
{[%clk 1:30:24]} 6. O-O {[%clk 1:32:21]} Nbd7 {[%clk 1:28:57]} 7. Qc2
{[%clk 1:31:42]} dxc4 {[%clk 1:14:11]} 8. Qxc4 {[%clk 1:31:16]} c5
{[%clk 1:09:35]} 9. Rd1 {[%clk 1:25:36]} Qb6 {[%clk 0:53:55]} 10. Qc2
{[%clk 1:20:33]} cxd4 {[%clk 0:52:13]} 11. Nxd4 {[%clk 1:20:00]} Bc5
{[%clk 0:51:22]} 12. e3 {[%clk 1:19:01]} Ne5 {[%clk 0:43:13]} 13. Nc3
{[%clk 1:14:31]} Bd7 {[%clk 0:41:31]} 14. Ne4 {[%clk 1:02:36]} Be7
{[%clk 0:30:49]} 15. b3 {[%clk 0:59:41]} Rac8 {[%clk 0:29:25]} 16. Qe2
{[%clk 0:57:49]} Rfd8 {[%clk 0:27:46]} 17. Bb2 {[%clk 0:56:05]} Nxe4
{[%clk 0:26:08]} 18. Bxe4 {[%clk 0:56:22]} Bf6 {[%clk 0:25:48]} 19. a4
{[%clk 0:38:44]} a5 {[%clk 0:24:59]} 20. Ba3 {[%clk 0:34:06]} Ng6
{[%clk 0:23:10]} 21. Rab1 {[%clk 0:33:24]} Rc3 {[%clk 0:17:47]} 22. Nb5
{[%clk 0:28:52]} Bxb5 {[%clk 0:15:18]} 23. Rxd8+ {[%clk 0:28:19]} Bxd8 24. axb5
{[%clk 0:28:22]} Bf6 {[%clk 0:13:04]} 25. Rc1 {[%clk 0:23:45]} Rxc1+
{[%clk 0:12:56]} 26. Bxc1 {[%clk 0:24:10]} Qc5 {[%clk 0:09:41]} 27. Bd2
{[%clk 0:16:34]} b6 {[%clk 0:09:34]} 28. f4 {[%clk 0:15:10]} Bc3 {[%clk 0:06:16]}
29. Bc1 {[%clk 0:11:32]} Ne7 {[%clk 0:03:53]} 30. Qd3 {[%clk 0:08:45]} g6
{[%clk 0:03:28]} 31. Kf1 {[%clk 0:03:43]} Nd5 {[%clk 0:02:00]} 32. Bxd5
{[%clk 0:03:29]} exd5 {[%clk 0:02:20]} 33. Ke2 {[%clk 0:02:53]} d4
{[%clk 0:00:51]} 34. exd4 {[%clk 0:01:25]} Bxd4 {[%clk 0:00:56]} 35. Bd2
{[%clk 0:01:13]} h5 {[%clk 0:00:37]} 36. Qc4 {[%clk 0:01:03]} Qxc4+
{[%clk 0:00:31]} 37. bxc4 {[%clk 0:01:30]} Kf8 {[%clk 0:00:31]} 38. Kd3
{[%clk 0:01:30]} Bg1 {[%clk 0:00:31]} 39. h3 {[%clk 0:01:43]} Ke7
{[%clk 0:00:33]} 40. g4 {[%clk 0:01:34]} hxg4 {[%clk 0:00:45]} 41. hxg4
{[%clk 0:02:00]} Kd6 {[%clk 0:00:38]} 42. g5 {[%clk 0:01:30]} Kc5
{[%clk 0:00:34]} 43. Kc3 {[%clk 0:01:38]} a4 {[%clk 0:00:34]} 44. Bc1
{[%clk 0:01:29]} Bd4+ {[%clk 0:00:31]} 45. Kd3 {[%clk 0:01:28]} Kb4
{[%clk 0:00:31]} 46. Kxd4 {[%clk 0:01:22]} 1-0

[Event "EUYCC 2025 - U14"]
[Site "?"]
[Date "2025.08.25"]
[Round "7.10"]
[White "Kostov, Rubin"]
[Black "Rzadkowska, Kaja"]
[Result "0-1"]
[BlackElo "1878"]
[WhiteElo "1621"]
[LiveChessVersion "1.4.8"]

1. c4 {[%clk 1:30:58]} e5 {[%clk 1:30:55]} 2. Nc3 {[%clk 1:31:22]} Nf6
{[%clk 1:31:20]} 3. g3 {[%clk 1:31:46]} c6 {[%clk 1:31:35]} 4. Bg2
{[%clk 1:31:18]} d5 {[%clk 1:31:47]} 5. cxd5 {[%clk 1:31:40]} cxd5
{[%clk 1:32:10]} 6. e3 {[%clk 1:31:42]} d4 {[%clk 1:31:46]} 7. Nce2
{[%clk 1:31:45]} d3 {[%clk 1:29:51]} 8. Nc3 {[%clk 1:31:40]} Nc6 {[%clk 1:29:08]}
9. Qb3 {[%clk 1:24:16]} Be7 {[%clk 1:19:39]} 10. Nf3 {[%clk 1:22:39]} O-O
{[%clk 1:18:24]} 11. O-O {[%clk 1:22:31]} Rb8 {[%clk 1:07:08]} 12. Ng5
{[%clk 1:02:01]} Bg4 {[%clk 1:01:55]} 13. h3 {[%clk 0:55:18]} Bd7
{[%clk 0:55:34]} 14. Nce4 {[%clk 0:48:43]} Nxe4 {[%clk 0:53:54]} 15. Nxe4
{[%clk 0:47:59]} Be6 {[%clk 0:53:56]} 16. Qd1 {[%clk 0:44:36]} f5
{[%clk 0:49:22]} 17. Nc3 {[%clk 0:44:27]} Qe8 {[%clk 0:40:34]} 18. f4
{[%clk 0:39:10]} e4 {[%clk 0:39:59]} 19. b3 {[%clk 0:37:43]} b5 {[%clk 0:37:13]}
20. Bb2 {[%clk 0:35:12]} b4 {[%clk 0:36:52]} 21. Na4 {[%clk 0:35:33]} Qg6
{[%clk 0:33:51]} 22. Kh2 {[%clk 0:33:50]} Na5 {[%clk 0:31:58]} 23. Qe1
{[%clk 0:30:09]} Rbc8 {[%clk 0:28:16]} 24. Qf2 {[%clk 0:29:00]} Rc2
{[%clk 0:27:28]} 25. Rfc1 {[%clk 0:24:18]} Rfc8 {[%clk 0:25:21]} 26. Qe1
{[%clk 0:22:06]} Qe8 {[%clk 0:20:20]} 27. Bd4 {[%clk 0:18:52]} Bxb3
{[%clk 0:18:39]} 28. Nb2 {[%clk 0:15:23]} Be6 {[%clk 0:17:44]} 29. Kg1
{[%clk 0:13:30]} Bxa2 {[%clk 0:14:31]} 30. g4 {[%clk 0:11:54]} Nb3
{[%clk 0:13:55]} 31. Rxa2 {[%clk 0:12:17]} Rxc1 {[%clk 0:14:18]} 32. Nd1
{[%clk 0:12:39]} Rxd1 {[%clk 0:13:38]} 33. Qxd1 {[%clk 0:12:24]} Rc1
{[%clk 0:14:02]} 34. Qxc1 {[%clk 0:12:48]} Nxc1 {[%clk 0:14:30]} 35. Rxa7
{[%clk 0:13:04]} Ne2+ {[%clk 0:14:28]} 36. Kf2 {[%clk 0:13:19]} Nxd4
{[%clk 0:14:53]} 37. exd4 {[%clk 0:13:31]} Bf6 {[%clk 0:13:57]} 38. Ke3
{[%clk 0:13:34]} Qd8 {[%clk 0:14:10]} 0-1

[Event "EUYCC 2025 - U14"]
[Site "?"]
[Date "2025.08.25"]
[Round "7.13"]
[White "Kubalova, Nikol"]
[Black "Voronova, Anastassia"]
[Result "1-0"]
[BlackElo "1502"]
[WhiteElo "1453"]
[LiveChessVersion "1.4.8"]

1. d4 {[%clk 1:30:50]} Nf6 {[%clk 1:30:51]} 2. Bf4 {[%clk 1:31:03]} e6
{[%clk 1:31:07]} 3. c3 {[%clk 1:31:06]} d5 {[%clk 1:31:25]} 4. e3
{[%clk 1:30:58]} Bd6 {[%clk 1:31:29]} 5. Bg3 {[%clk 1:31:14]} Bxg3
{[%clk 1:31:44]} 6. hxg3 {[%clk 1:31:33]} Nbd7 {[%clk 1:31:40]} 7. Bd3
{[%clk 1:31:37]} b6 {[%clk 1:31:30]} 8. Nf3 {[%clk 1:30:55]} h6 {[%clk 1:31:22]}
9. Nbd2 {[%clk 1:27:42]} O-O {[%clk 1:31:11]} 10. Qc2 {[%clk 1:26:53]} c5
{[%clk 1:30:55]} 11. b3 {[%clk 1:25:28]} Bb7 {[%clk 1:29:48]} 12. Rh4
{[%clk 1:17:58]} Rc8 {[%clk 1:27:30]} 13. Qb1 {[%clk 1:14:15]} cxd4
{[%clk 1:23:00]} 14. cxd4 {[%clk 1:14:32]} Re8 {[%clk 1:20:55]} 15. Ne5
{[%clk 1:11:19]} Nxe5 {[%clk 1:16:18]} 16. dxe5 {[%clk 1:11:34]} Nd7
{[%clk 1:14:30]} 17. Bh7+ {[%clk 1:10:35]} Kf8 {[%clk 1:13:59]} 18. Qb2
{[%clk 1:07:57]} Nc5 {[%clk 1:11:05]} 19. b4 {[%clk 1:03:25]} Nd3+
{[%clk 1:11:22]} 20. Bxd3 {[%clk 1:03:32]} Ke7 {[%clk 1:03:13]} 21. e4
{[%clk 0:59:56]} Rh8 {[%clk 0:59:30]} 22. exd5 {[%clk 0:58:58]} Bxd5
{[%clk 0:57:56]} 23. Be4 {[%clk 0:56:36]} g5 {[%clk 0:54:24]} 24. Rh1
{[%clk 0:55:34]} Bxe4 {[%clk 0:53:01]} 25. Nxe4 {[%clk 0:55:22]} Qd3
{[%clk 0:51:56]} 26. Qe2 {[%clk 0:52:54]} Qd4 {[%clk 0:49:44]} 27. Rd1
{[%clk 0:42:32]} Qxb4+ {[%clk 0:47:34]} 28. Nd2 {[%clk 0:41:26]} Rc5
{[%clk 0:37:14]} 29. Kf1 {[%clk 0:33:37]} Qb2 {[%clk 0:32:25]} 30. a4
{[%clk 0:31:12]} Rxe5 {[%clk 0:27:29]} 31. Qf3 {[%clk 0:30:36]} a5
{[%clk 0:20:15]} 32. Nc4 {[%clk 0:29:28]} g4 {[%clk 0:13:45]} 33. Qb7+
{[%clk 0:29:12]} Kf6 {[%clk 0:13:33]} 34. Nxb2 {[%clk 0:29:28]} h5
{[%clk 0:12:30]} 35. Rd7 {[%clk 0:27:08]} Rf8 {[%clk 0:10:09]} 36. f3
{[%clk 0:26:51]} Rf5 {[%clk 0:09:10]} 37. Nc4 {[%clk 0:23:48]} Kg6
{[%clk 0:08:05]} 38. Qe4 {[%clk 0:22:08]} Kf6 {[%clk 0:06:34]} 39. Nd6
{[%clk 0:21:11]} Rg5 {[%clk 0:05:32]} 40. Qf4+ {[%clk 0:21:09]} Kg6
{[%clk 0:05:38]} 41. Nxf7 {[%clk 0:20:26]} Rf5 {[%clk 0:05:12]} 42. Ne5+
{[%clk 0:18:33]} Kf6 {[%clk 0:05:02]} 43. Nxg4+ {[%clk 0:18:30]} hxg4
{[%clk 0:04:39]} 44. Rh6# 1-0

[Event "EUYCC 2025 - U14"]
[Site "?"]
[Date "2025.08.26"]
[Round "8.1"]
[White "Diachek, Andrii"]
[Black "Migalko, Dmitriy"]
[Result "1/2-1/2"]
[BlackElo "1916"]
[WhiteElo "2223"]
[LiveChessVersion "1.4.8"]

1. c4 {[%clk 1:30:57]} e6 {[%clk 1:30:47]} 2. Nf3 {[%clk 1:31:13]} d5
{[%clk 1:30:57]} 3. e3 {[%clk 1:31:34]} c6 {[%clk 1:30:50]} 4. b3
{[%clk 1:29:18]} Nf6 {[%clk 1:30:05]} 5. Bb2 {[%clk 1:29:15]} Bd6
{[%clk 1:28:24]} 6. d4 {[%clk 1:27:26]} Nbd7 {[%clk 1:25:54]} 7. Bd3
{[%clk 1:26:53]} b6 {[%clk 1:24:10]} 8. Nbd2 {[%clk 1:24:57]} Bb7
{[%clk 1:23:10]} 9. O-O {[%clk 1:23:39]} O-O {[%clk 1:22:49]} 10. Ne5
{[%clk 1:18:10]} Qc7 {[%clk 1:19:52]} 11. Ndf3 {[%clk 1:14:02]} h6
{[%clk 1:10:02]} 12. Rc1 {[%clk 1:11:20]} Rac8 {[%clk 1:07:49]} 13. Qe2
{[%clk 1:05:32]} Qb8 {[%clk 1:06:12]} 14. Rc2 {[%clk 0:50:09]} Rfd8
{[%clk 0:59:17]} 15. Rfc1 {[%clk 0:47:04]} dxc4 {[%clk 0:50:45]} 16. Nxc4
{[%clk 0:42:37]} Bf8 {[%clk 0:43:50]} 17. Nce5 {[%clk 0:37:47]} c5
{[%clk 0:42:53]} 18. Nxd7 {[%clk 0:35:34]} Nxd7 {[%clk 0:42:37]} 19. Ba6
{[%clk 0:34:17]} 1/2-1/2

[Event "EUYCC 2025 - U14"]
[Site "?"]
[Date "2025.08.26"]
[Round "8.2"]
[White "Belocky, Daniel"]
[Black "Petroff, Vlad"]
[Result "1/2-1/2"]
[BlackElo "2081"]
[WhiteElo "1683"]
[LiveChessVersion "1.4.8"]

1. c4 {[%clk 1:30:56]} e6 {[%clk 1:30:46]} 2. g3 {[%clk 1:31:21]} Nf6
{[%clk 1:30:42]} 3. Bg2 {[%clk 1:31:42]} d5 {[%clk 1:30:43]} 4. b3
{[%clk 1:31:59]} d4 {[%clk 1:26:45]} 5. Bb2 {[%clk 1:31:16]} c5 {[%clk 1:25:35]}
6. Nf3 {[%clk 1:31:26]} Nc6 {[%clk 1:24:34]} 7. d3 {[%clk 1:31:26]} e5
{[%clk 1:23:30]} 8. O-O {[%clk 1:31:36]} Bd6 {[%clk 1:19:29]} 9. Nfd2
{[%clk 1:31:53]} Bf5 {[%clk 1:15:03]} 10. Na3 {[%clk 1:31:26]} a6
{[%clk 1:12:28]} 11. Nc2 {[%clk 1:31:15]} O-O {[%clk 1:11:34]} 12. Ne4
{[%clk 1:29:02]} Be7 {[%clk 0:57:27]} 13. Ba3 {[%clk 1:17:33]} Nd7
{[%clk 0:54:42]} 14. e3 {[%clk 1:15:14]} a5 {[%clk 0:53:04]} 15. exd4
{[%clk 1:12:41]} Bxe4 {[%clk 0:35:24]} 16. Bxe4 {[%clk 1:11:44]} cxd4
{[%clk 0:35:53]} 17. Bxe7 {[%clk 1:10:57]} Qxe7 {[%clk 0:36:22]} 18. f4
{[%clk 1:10:32]} Rad8 {[%clk 0:30:44]} 19. Qd2 {[%clk 1:07:06]} Qc5
{[%clk 0:29:41]} 20. a3 {[%clk 1:06:32]} Nf6 {[%clk 0:26:34]} 21. Bg2
{[%clk 1:05:00]} exf4 {[%clk 0:23:03]} 22. Rxf4 {[%clk 1:05:02]} Qb6
{[%clk 0:20:52]} 23. b4 {[%clk 1:03:47]} axb4 {[%clk 0:20:32]} 24. axb4
{[%clk 1:03:35]} Ra8 {[%clk 0:18:56]} 25. Rff1 {[%clk 1:02:47]} Rfd8
{[%clk 0:17:51]} 26. b5 {[%clk 0:53:47]} Ne5 {[%clk 0:16:32]} 27. Nb4
{[%clk 0:50:34]} Neg4 {[%clk 0:15:27]} 28. Nd5 {[%clk 0:48:57]} Nxd5
{[%clk 0:15:29]} 29. Bxd5 {[%clk 0:49:21]} Rxa1 {[%clk 0:14:43]} 30. Rxa1
{[%clk 0:47:17]} Ne3 {[%clk 0:14:56]} 31. Bf3 {[%clk 0:45:46]} h6
{[%clk 0:13:12]} 32. Qa5 {[%clk 0:43:02]} Qf6 {[%clk 0:03:46]} 33. Bxb7
{[%clk 0:42:12]} Re8 {[%clk 0:02:36]} 34. Qa6 {[%clk 0:40:26]} Qf5
{[%clk 0:01:26]} 35. Qc6 {[%clk 0:40:15]} Rd8 {[%clk 0:00:50]} 36. Qe4
{[%clk 0:40:15]} Qh5 {[%clk 0:01:03]} 37. Qf3 {[%clk 0:40:29]} Qh3
{[%clk 0:01:12]} 38. Ra7 {[%clk 0:40:21]} Ng4 {[%clk 0:00:48]} 39. Qg2
{[%clk 0:39:12]} Qh5 {[%clk 0:01:12]} 40. Bf3 {[%clk 0:37:12]} Re8
{[%clk 0:00:53]} 41. Ra8 {[%clk 0:36:34]} Rxa8 {[%clk 0:01:13]} 42. Bxa8
{[%clk 0:37:00]} Qg5 {[%clk 0:00:58]} 43. Qe2 {[%clk 0:34:18]} Qc1+
{[%clk 0:00:56]} 44. Kg2 {[%clk 0:34:35]} Ne3+ {[%clk 0:01:22]} 45. Kh3
{[%clk 0:34:19]} Qa3 {[%clk 0:01:15]} 46. Bf3 {[%clk 0:34:20]} Qc5
{[%clk 0:01:02]} 47. g4 {[%clk 0:28:55]} h5 {[%clk 0:01:23]} 48. Qf2
{[%clk 0:25:23]} Qc8 {[%clk 0:00:46]} 49. Qh4 {[%clk 0:25:29]} hxg4+
{[%clk 0:01:05]} 50. Bxg4 {[%clk 0:25:46]} Qa8 {[%clk 0:00:37]} 51. Qf2
{[%clk 0:25:44]} g6 {[%clk 0:00:41]} 52. Qf3 {[%clk 0:25:51]} Qd8
{[%clk 0:00:52]} 53. Qc6 {[%clk 0:21:41]} Kg7 {[%clk 0:00:53]} 54. Qd7
{[%clk 0:17:54]} Qf6 {[%clk 0:00:49]} 55. Kg3 {[%clk 0:15:04]} g5
{[%clk 0:01:07]} 56. Qc7 {[%clk 0:14:26]} Nf1+ {[%clk 0:00:56]} 57. Kg2
{[%clk 0:13:27]} Ne3+ {[%clk 0:01:00]} 58. Kg3 {[%clk 0:13:45]} Nf1+
{[%clk 0:00:46]} 59. Kg2 {[%clk 0:13:24]} Nd2 {[%clk 0:00:51]} 60. Be2
{[%clk 0:12:51]} Qe6 {[%clk 0:00:53]} 61. Bh5 {[%clk 0:10:34]} Nb3
{[%clk 0:00:35]} 62. b6 {[%clk 0:10:23]} Na5 {[%clk 0:00:37]} 63. b7
{[%clk 0:10:08]} g4 {[%clk 0:00:46]} 64. Qxf7+ {[%clk 0:10:28]} Qxf7
{[%clk 0:01:14]} 65. Bxf7 {[%clk 0:10:57]} Nxb7 {[%clk 0:01:44]} 66. Be6
{[%clk 0:11:09]} Nc5 {[%clk 0:02:05]} 67. Bf5 {[%clk 0:07:12]} Kf6
{[%clk 0:02:34]} 68. Bh7 {[%clk 0:07:31]} Kg7 {[%clk 0:02:41]} 69. Be4
{[%clk 0:03:58]} Kf6 {[%clk 0:03:07]} 70. Kf2 {[%clk 0:02:14]} Ke5
{[%clk 0:02:57]} 71. Bh7 {[%clk 0:02:35]} Kf4 {[%clk 0:03:18]} 72. Bg6
{[%clk 0:02:58]} Kg5 {[%clk 0:03:29]} 73. Bh7 {[%clk 0:02:58]} Kf4
{[%clk 0:03:57]} 74. Bg6 {[%clk 0:03:19]} 1/2-1/2

[Event "EUYCC 2025 - U14"]
[Site "?"]
[Date "2025.08.26"]
[Round "8.3"]
[White "Matejka, Simon"]
[Black "Komarek, Tobias"]
[Result "1/2-1/2"]
[BlackElo "1897"]
[WhiteElo "1950"]
[LiveChessVersion "1.4.8"]

1. e4 {[%clk 1:30:49]} d5 {[%clk 1:30:47]} 2. exd5 {[%clk 1:31:06]} Qxd5
{[%clk 1:31:06]} 3. Nc3 {[%clk 1:31:05]} Qa5 {[%clk 1:31:14]} 4. d4
{[%clk 1:30:01]} c6 {[%clk 1:31:11]} 5. Nf3 {[%clk 1:29:29]} Nf6 {[%clk 1:29:36]}
6. Bd3 {[%clk 1:29:03]} Bg4 {[%clk 1:29:23]} 7. h3 {[%clk 1:29:02]} Bh5
{[%clk 1:26:11]} 8. Bd2 {[%clk 1:23:12]} Nbd7 {[%clk 1:20:02]} 9. O-O
{[%clk 1:20:52]} e6 {[%clk 1:19:02]} 10. Re1 {[%clk 1:18:17]} Be7
{[%clk 1:17:30]} 11. Ne4 {[%clk 1:11:04]} Qc7 {[%clk 1:13:43]} 12. Ng3
{[%clk 1:06:32]} Bxf3 {[%clk 1:12:08]} 13. Qxf3 {[%clk 1:06:51]} Rd8
{[%clk 1:07:14]} 14. Re2 {[%clk 0:49:51]} Nb6 {[%clk 1:00:51]} 15. Rae1
{[%clk 0:46:20]} Rd7 {[%clk 0:55:57]} 16. Bf4 {[%clk 0:42:44]} Qd8
{[%clk 0:55:41]} 17. c3 {[%clk 0:41:18]} O-O {[%clk 0:52:46]} 18. Be5
{[%clk 0:39:37]} Nbd5 {[%clk 0:45:55]} 19. Nh5 {[%clk 0:36:04]} Nxh5
{[%clk 0:39:18]} 20. Qxh5 {[%clk 0:36:23]} h6 {[%clk 0:38:49]} 21. Re4
{[%clk 0:33:12]} Nf6 {[%clk 0:34:32]} 22. Bxf6 {[%clk 0:33:21]} Bxf6
{[%clk 0:34:52]} 23. Rg4 {[%clk 0:32:24]} Kh8 {[%clk 0:33:59]} 24. Rg3
{[%clk 0:30:05]} Rd5 {[%clk 0:26:01]} 25. Qf3 {[%clk 0:28:49]} Bh4
{[%clk 0:13:02]} 26. Rg4 {[%clk 0:28:00]} Bg5 {[%clk 0:09:44]} 27. Rge4
{[%clk 0:23:34]} Bf6 {[%clk 0:06:24]} 28. Bc2 {[%clk 0:20:56]} g6
{[%clk 0:04:08]} 29. Qg3 {[%clk 0:15:15]} Rg5 {[%clk 0:02:17]} 30. Rg4
{[%clk 0:15:20]} Qa5 {[%clk 0:01:24]} 31. Qf3 {[%clk 0:14:06]} Bg7
{[%clk 0:01:10]} 32. Rxg5 {[%clk 0:13:00]} Qxg5 {[%clk 0:01:26]} 33. Qe3
{[%clk 0:12:29]} Qa5 {[%clk 0:00:51]} 34. Bb3 {[%clk 0:11:44]} Qc7
{[%clk 0:00:40]} 35. Qe4 {[%clk 0:10:31]} Rd8 {[%clk 0:00:45]} 36. Rd1
{[%clk 0:10:10]} Qd7 {[%clk 0:00:42]} 37. Qf4 {[%clk 0:09:13]} Kg8
{[%clk 0:00:56]} 38. Qe4 {[%clk 0:09:03]} Qd6 {[%clk 0:01:08]} 39. Qf3
{[%clk 0:08:10]} Qe7 {[%clk 0:01:16]} 40. Qe3 {[%clk 0:07:50]} Qc7
{[%clk 0:00:40]} 41. Qe4 {[%clk 0:08:01]} Qa5 {[%clk 0:00:46]} 42. Rd3
{[%clk 0:06:59]} Qg5 {[%clk 0:00:52]} 43. Qe3 {[%clk 0:06:49]} Bf6
{[%clk 0:01:00]} 44. Qxg5 {[%clk 0:06:19]} Bxg5 {[%clk 0:01:25]} 45. Bc2
{[%clk 0:06:13]} Bf6 {[%clk 0:01:40]} 46. Kf1 {[%clk 0:06:33]} Kf8
{[%clk 0:02:07]} 47. Ke2 {[%clk 0:06:56]} Ke7 {[%clk 0:02:33]} 48. Ke3
{[%clk 0:06:25]} Rd5 {[%clk 0:02:27]} 49. a4 {[%clk 0:04:54]} Rf5
{[%clk 0:01:47]} 50. Ke2 {[%clk 0:04:58]} Rh5 {[%clk 0:01:34]} 51. Rf3
{[%clk 0:04:25]} Rd5 {[%clk 0:01:41]} 52. Bb3 {[%clk 0:04:07]} Ra5
{[%clk 0:01:37]} 53. Bc2 {[%clk 0:04:07]} Rg5 {[%clk 0:01:14]} 54. Rg3
{[%clk 0:03:42]} Rxg3 {[%clk 0:01:18]} 55. fxg3 {[%clk 0:04:07]} Kd6
{[%clk 0:01:25]} 56. Kd3 {[%clk 0:04:03]} Bd8 {[%clk 0:01:29]} 57. Bd1
{[%clk 0:04:23]} Bg5 {[%clk 0:01:22]} 58. Bf3 {[%clk 0:04:34]} e5
{[%clk 0:01:19]} 59. dxe5+ {[%clk 0:04:46]} Kxe5 {[%clk 0:01:47]} 60. b4
{[%clk 0:04:59]} Kd6 {[%clk 0:01:43]} 61. Kc4 {[%clk 0:04:40]} b6
{[%clk 0:01:25]} 62. b5 {[%clk 0:03:18]} c5 {[%clk 0:01:45]} 63. Bd5
{[%clk 0:03:04]} Ke7 {[%clk 0:01:50]} 64. Kd3 {[%clk 0:02:45]} f5
{[%clk 0:01:37]} 65. Bf3 {[%clk 0:02:58]} Ke6 {[%clk 0:00:52]} 66. c4
{[%clk 0:03:12]} Ke5 {[%clk 0:00:56]} 67. g4 {[%clk 0:03:05]} Kf4
{[%clk 0:00:47]} 68. gxf5 {[%clk 0:03:23]} gxf5 {[%clk 0:01:12]} 69. Ba8
{[%clk 0:03:42]} Kg3 {[%clk 0:01:29]} 70. Bb7 {[%clk 0:03:59]} Bc1
{[%clk 0:00:58]} 71. Bf3 {[%clk 0:04:23]} Kf2 {[%clk 0:01:19]} 72. Bc6
{[%clk 0:04:30]} Bg5 {[%clk 0:00:56]} 73. Bf3 {[%clk 0:04:49]} Ke1
{[%clk 0:00:49]} 74. Kc3 {[%clk 0:05:08]} Be3 {[%clk 0:01:01]} 75. Bd5
{[%clk 0:05:29]} Kd1 {[%clk 0:01:16]} 76. Bf3+ {[%clk 0:05:45]} Kc1
{[%clk 0:01:20]} 77. Bd5 {[%clk 0:06:04]} Bd4+ {[%clk 0:01:36]} 78. Kb3
{[%clk 0:06:28]} Kd2 {[%clk 0:01:37]} 79. Bf3 {[%clk 0:06:53]} Kd3
{[%clk 0:01:48]} 80. Bd5 {[%clk 0:07:16]} f4 {[%clk 0:01:01]} 1/2-1/2

[Event "EUYCC 2025 - U14"]
[Site "?"]
[Date "2025.08.26"]
[Round "8.4"]
[White "Malureanu, Andrei"]
[Black "Pogorelskiy, Boris"]
[Result "0-1"]
[BlackElo "1978"]
[WhiteElo "1585"]
[LiveChessVersion "1.4.8"]

1. d4 {[%clk 1:30:57]} Nf6 {[%clk 1:30:58]} 2. Bg5 {[%clk 1:31:19]} d5
{[%clk 1:31:24]} 3. Bxf6 {[%clk 1:31:40]} gxf6 {[%clk 1:31:51]} 4. e3
{[%clk 1:31:55]} c5 {[%clk 1:32:20]} 5. c4 {[%clk 1:31:30]} cxd4 {[%clk 1:32:24]}
6. Qxd4 {[%clk 1:31:03]} Nc6 {[%clk 1:32:35]} 7. Qxd5 {[%clk 1:27:54]} Qxd5
{[%clk 1:33:02]} 8. cxd5 {[%clk 1:28:17]} Nb4 {[%clk 1:33:31]} 9. Na3
{[%clk 1:28:25]} a6 {[%clk 1:33:57]} 10. Nf3 {[%clk 1:18:54]} Bf5
{[%clk 1:31:04]} 11. Nh4 {[%clk 1:13:57]} Be4 {[%clk 1:28:36]} 12. Be2
{[%clk 1:02:15]} Bxd5 {[%clk 1:26:32]} 13. O-O {[%clk 1:00:19]} Nxa2
{[%clk 1:07:50]} 14. Bc4 {[%clk 0:58:55]} Bxc4 {[%clk 1:07:59]} 15. Nxc4
{[%clk 0:59:20]} Nb4 {[%clk 1:08:28]} 16. Nb6 {[%clk 0:49:35]} Rd8
{[%clk 1:08:48]} 17. Rfd1 {[%clk 0:47:52]} e6 {[%clk 1:08:53]} 18. Rac1
{[%clk 0:46:38]} Nc6 {[%clk 1:08:20]} 19. Nf3 {[%clk 0:45:20]} Bb4
{[%clk 1:01:07]} 20. Rxd8+ {[%clk 0:43:09]} Kxd8 {[%clk 1:01:19]} 21. Nc4
{[%clk 0:40:10]} Ke7 {[%clk 0:58:37]} 22. Kf1 {[%clk 0:36:12]} Rc8
{[%clk 0:53:44]} 23. Rd1 {[%clk 0:34:04]} b5 {[%clk 0:53:56]} 24. Ncd2
{[%clk 0:33:21]} Na5 {[%clk 0:52:56]} 25. Ne4 {[%clk 0:27:01]} f5
{[%clk 0:46:19]} 26. Ng3 {[%clk 0:25:50]} Rc2 {[%clk 0:46:35]} 27. Nd4
{[%clk 0:24:46]} Rxb2 {[%clk 0:45:27]} 28. Ra1 {[%clk 0:22:42]} Bc3
{[%clk 0:39:45]} 29. Ra3 {[%clk 0:15:00]} Bxd4 {[%clk 0:38:10]} 30. exd4
{[%clk 0:14:29]} Nc4 {[%clk 0:38:33]} 31. Rxa6 {[%clk 0:14:04]} b4
{[%clk 0:38:58]} 32. Rc6 {[%clk 0:11:23]} Na3 {[%clk 0:37:10]} 33. d5
{[%clk 0:09:23]} b3 {[%clk 0:37:12]} 34. d6+ {[%clk 0:09:19]} Kd7
{[%clk 0:37:37]} 35. Ra6 {[%clk 0:09:04]} Ra2 {[%clk 0:38:04]} 36. Nh5
{[%clk 0:08:44]} Nc4 {[%clk 0:36:53]} 37. Nf6+ {[%clk 0:08:44]} Kd8
{[%clk 0:37:19]} 38. Rc6 {[%clk 0:07:39]} b2 {[%clk 0:37:40]} 0-1